000 00342nam a2200145Ia 4500
003 OSt
005 20240102062156.0
008 170523s9999 xx 000 0 und d
020 _a9789350041895
040 _cIIMT UNIVERSITY
100 _aPetzold- Charles
245 0 _aProgramming Windows Phone 7
260 _aDreamtech
942 _2ddc
_c02
999 _c12327
_d12327